<?xml version="1.0" encoding="UTF-8"?>
<record
    xmlns:xsi="http://www.w3.org/2001/XMLSchema-instance"
    xsi:schemaLocation="http://www.loc.gov/MARC21/slim http://www.loc.gov/standards/marcxml/schema/MARC21slim.xsd"
    xmlns="http://www.loc.gov/MARC21/slim">

  <leader>00834nam a2200241 a 4500</leader>
  <controlfield tag="001">48530</controlfield>
  <controlfield tag="003">BD-RjUL</controlfield>
  <controlfield tag="005">20211209054535.0</controlfield>
  <controlfield tag="008">160814s1985    b  ||||| |||| 00| 0 eng d</controlfield>
  <datafield tag="020" ind1=" " ind2=" ">
    <subfield code="c"> : Tk.15.00</subfield>
  </datafield>
  <datafield tag="035" ind1=" " ind2=" ">
    <subfield code="a">(BD-RjUL)48649</subfield>
  </datafield>
  <datafield tag="040" ind1=" " ind2=" ">
    <subfield code="a">BD-RjUL</subfield>
    <subfield code="b">ben</subfield>
    <subfield code="c">BD-RjUL</subfield>
  </datafield>
  <datafield tag="041" ind1=" " ind2=" ">
    <subfield code="a">ben</subfield>
  </datafield>
  <datafield tag="082" ind1=" " ind2=" ">
    <subfield code="2">23</subfield>
    <subfield code="a">523.98</subfield>
    <subfield code="b">MAK 1985</subfield>
  </datafield>
  <datafield tag="100" ind1="1" ind2=" ">
    <subfield code="a">&#x9AE;&#x99C;&#x9C1;&#x9AE;&#x9A6;&#x9BE;&#x9B0;, &#x9A8;&#x9BE;&#x9A6;&#x9BF;&#x9AF;&#x9BC;&#x9BE;</subfield>
    <subfield code="9">146688</subfield>
  </datafield>
  <datafield tag="245" ind1="1" ind2="0">
    <subfield code="a">&#x995;&#x9C3;&#x9A4;&#x9CD;&#x9B0;&#x9BF;&#x9AE; &#x989;&#x9AA;&#x997;&#x9CD;&#x9B0;&#x9B9; /</subfield>
    <subfield code="c">&#x9A8;&#x9BE;&#x9A6;&#x9BF;&#x9AF;&#x9BC;&#x9BE; &#x9AE;&#x99C;&#x9C1;&#x9AE;&#x9A6;&#x9BE;&#x9B0;.</subfield>
  </datafield>
  <datafield tag="260" ind1=" " ind2=" ">
    <subfield code="a">&#x9A2;&#x9BE;&#x995;&#x9BE; :</subfield>
    <subfield code="b">&#x9AC;&#x9BE;&#x982;&#x9B2;&#x9BE; &#x98F;&#x995;&#x9BE;&#x9A1;&#x9C7;&#x9AE;&#x9C0;,</subfield>
    <subfield code="c">&#x9E7;&#x9EF;&#x9EE;&#x9EB;.</subfield>
  </datafield>
  <datafield tag="300" ind1=" " ind2=" ">
    <subfield code="a">&#x9E7;&#x9E6;&#x9E9; &#x9AA;&#x9C3;</subfield>
    <subfield code="c">&#x9E8;&#x9E7; &#x9B8;&#x9C7;&#x9AE;&#x9BF;</subfield>
  </datafield>
  <datafield tag="490" ind1=" " ind2=" ">
    <subfield code="a">&#x9AD;&#x9BE;&#x9B7;&#x9BE;-&#x9B6;&#x9B9;&#x9C0;&#x9A6; &#x997;&#x9CD;&#x9B0;&#x9A8;&#x9CD;&#x9A5;&#x9AE;&#x9BE;&#x9B2;&#x9BE; &#x9B8;&#x9BF;&#x9B0;&#x9BF;&#x99C;</subfield>
  </datafield>
  <datafield tag="650" ind1=" " ind2=" ">
    <subfield code="a">&#x989;&#x9AA;&#x997;&#x9CD;&#x9B0;&#x9B9;</subfield>
    <subfield code="9">146689</subfield>
  </datafield>
  <datafield tag="650" ind1=" " ind2=" ">
    <subfield code="a">Satellites</subfield>
    <subfield code="9">117364</subfield>
  </datafield>
  <datafield tag="942" ind1=" " ind2=" ">
    <subfield code="2">ddc</subfield>
    <subfield code="c">BK</subfield>
  </datafield>
  <datafield tag="999" ind1=" " ind2=" ">
    <subfield code="c">48530</subfield>
    <subfield code="d">48530</subfield>
  </datafield>
  <datafield tag="952" ind1=" " ind2=" ">
    <subfield code="0">0</subfield>
    <subfield code="1">0</subfield>
    <subfield code="2">ddc</subfield>
    <subfield code="4">0</subfield>
    <subfield code="7">0</subfield>
    <subfield code="8">NFIC</subfield>
    <subfield code="a">RUCL</subfield>
    <subfield code="b">RUCL</subfield>
    <subfield code="c">Stack</subfield>
    <subfield code="d">1987-03-29</subfield>
    <subfield code="e">Bangla Academy,</subfield>
    <subfield code="g">15.00</subfield>
    <subfield code="l">0</subfield>
    <subfield code="o">B 523.98 MAK 1985</subfield>
    <subfield code="r">2016-08-14 00:00:00</subfield>
    <subfield code="t">C-2</subfield>
    <subfield code="w">2016-08-14</subfield>
    <subfield code="y">BK</subfield>
  </datafield>
  <datafield tag="952" ind1=" " ind2=" ">
    <subfield code="0">0</subfield>
    <subfield code="1">0</subfield>
    <subfield code="2">ddc</subfield>
    <subfield code="4">0</subfield>
    <subfield code="7">0</subfield>
    <subfield code="8">NFIC</subfield>
    <subfield code="a">RUCL</subfield>
    <subfield code="b">RUCL</subfield>
    <subfield code="c">Stack</subfield>
    <subfield code="d">1987-03-29</subfield>
    <subfield code="e">Bangla Academy,</subfield>
    <subfield code="g">15.00</subfield>
    <subfield code="l">0</subfield>
    <subfield code="o">B 523.98 MAK 1985</subfield>
    <subfield code="r">2016-08-14 00:00:00</subfield>
    <subfield code="t">C-3</subfield>
    <subfield code="w">2016-08-14</subfield>
    <subfield code="y">BK</subfield>
  </datafield>
</record>
